000 00516nam a2200145Ia 4500
008 140724s9999 xx 000 0 und d
050 _aQA 76.76.W56
_b.As858 2010
100 _aAstorga, Michael Andrew Y.
245 _aPoint of sales system POS of Tacloban Real Surplus Center /
_cMichael Andrew Y. Astorga.
260 _aLas PiƱas, Philippines :
_bSouthville International School and Colleges,
_cc2010.
300 _a71 p. :
_bill. ;
_c28 cm.
521 _aInformation Technology
942 _cTH
999 _c229268
_d229268